| 000 | 01552cam a2200265 4500 | ||
|---|---|---|---|
| 001 | ABS68264 | ||
| 008 | 040927n2004 000 0 eng u | ||
| 035 | _a(Sirsi) u127531 | ||
| 100 | _aBlackman, D. | ||
| 245 | _aJust how worthwhile is masterplanning? | ||
| 260 | _c2004 | ||
| 490 |
_aAxis _v58(4) September/October 2004, 10-11(2) |
||
| 520 | _aQuestions whether masterplanning, which is becoming an integral part of the development process, is a good investment or a waste of public money. Describes the types of masterplan and marshals a range of arguments pro and contra. High quality development is possible without a masterplan as at Paddington Basin in London but there are many places where sensitive masterplanning could have produced a much better quality of development. Notes that there have been big beneficiaries of the masterplanning boom but also that design led masterplans, which have the advantage of generating publicity, are often flawed when it comes to implementation. Successful masterplanning relies on a mathematical and analytical approach to the way settlements work and brings together a vast range of skills from urban design to economic analysis. Warns that ODPM officials are concerned about the number of masterplans not yet implemented. | ||
| 590 | _aABS | ||
| 590 | _aABS | ||
| 650 | _aPADDINGTON BASIN | ||
| 650 | _aBARNSLEY | ||
| 650 | _aMIDDLESBROUGH | ||
| 650 | _aGRAVESEND | ||
| 650 | _aKINGS CROSS | ||
| 650 | _aURBAN DESIGN | ||
| 650 | _aMASTERPLANS | ||
| 690 | _aPLANNING | ||
| 942 | _n0 | ||
| 999 |
_c118059 _d118059 |
||